Организационно-педагогические основы разноуровневой довузовской подготовки слушателей естественнонаучной школы ТПУ; Известия Томского политехнического университета [Известия ТПУ]; Т. 306, № 6

מידע ביבליוגרפי
Parent link:Известия Томского политехнического университета [Известия ТПУ]/ Томский политехнический университет (ТПУ).— , 2000-
Т. 306, № 6.— 2003.— [С. 140-142]
מחבר ראשי: Сладков Е. И. Евгений Иванович
מחברים אחרים: Кузнецов С. И. Сергей Иванович
סיכום:Заглавие с титульного листа
Электронная версия печатной публикации
Организация дифференцированной разноуровневой довузовской подготовки − одно из важнейших направлений совершенствования учебной деятельности, способствующее повышению продуктивности учебного процесса, позволяющее обеспечить высокое качество знаний слушателей − будущих абитуриентов ТПУ. Использование разноуровневой подготовки с целью индивидуализации и дифференциации учебного процесса рассмотрено в качестве одного из вариантов деятельности Естественнонаучной школы Центра довузовской подготовки Томского политехнического университета.
שפה:רוסית
יצא לאור: 2003
סדרה:Социально-экономические и гуманитарные науки
נושאים:
גישה מקוונת:http://www.lib.tpu.ru/fulltext/v/Bulletin_TPU/2003/v306/i6/32.pdf
פורמט: אלקטרוני Book Chapter
KOHA link:https://koha.lib.tpu.ru/cgi-bin/koha/opac-detail.pl?biblionumber=167975

MARC

LEADER 00000nla2a2200000 4500
001 167975
005 20231031162937.0
035 |a (RuTPU)RU\TPU\book\182238 
035 |a RU\TPU\book\182231 
090 |a 167975 
100 |a 20091022d2003 k y0rusy50 ca 
101 0 |a rus 
102 |a RU 
135 |a drnn ---uucaa 
181 0 |a i  
182 0 |a b 
200 1 |a Организационно-педагогические основы разноуровневой довузовской подготовки слушателей естественнонаучной школы ТПУ  |b Электронный ресурс  |f Е. И. Сладков, С. И. Кузнецов 
203 |a Текст  |c электронный 
215 |a 1 файл (142 Кб) 
225 1 |a Социально-экономические и гуманитарные науки 
230 |a Электронные текстовые данные (1 файл : 142 Кб) 
300 |a Заглавие с титульного листа 
300 |a Электронная версия печатной публикации 
330 |a Организация дифференцированной разноуровневой довузовской подготовки − одно из важнейших направлений совершенствования учебной деятельности, способствующее повышению продуктивности учебного процесса, позволяющее обеспечить высокое качество знаний слушателей − будущих абитуриентов ТПУ. Использование разноуровневой подготовки с целью индивидуализации и дифференциации учебного процесса рассмотрено в качестве одного из вариантов деятельности Естественнонаучной школы Центра довузовской подготовки Томского политехнического университета. 
337 |a Adobe Reader 
461 1 |0 (RuTPU)RU\TPU\book\176237  |t Известия Томского политехнического университета [Известия ТПУ]  |f Томский политехнический университет (ТПУ)  |d 2000- 
463 1 |0 (RuTPU)RU\TPU\book\182122  |t Т. 306, № 6  |v [С. 140-142]  |d 2003  |p 167 с. 
610 1 |a довузовская подготовка 
610 1 |a дифференцированная подготовка 
610 1 |a разноуровневое обучение 
610 1 |a учебные процессы 
610 1 |a учебная деятельность 
610 1 |a абитуриенты 
610 1 |a индивидуализация 
610 1 |a труды учёных ТПУ 
610 1 |a электронный ресурс 
700 1 |a Сладков  |b Е. И.  |g Евгений Иванович 
701 1 |a Кузнецов  |b С. И.  |c физик  |c доцент Томского политехнического университета, кандидат технических наук  |f 1952-  |g Сергей Иванович  |2 stltpush  |3 (RuTPU)RU\TPU\pers\27957  |4 070 
801 1 |a RU  |b 63413507  |c 20090623  |g PSBO 
801 2 |a RU  |b 63413507  |c 20210521  |g PSBO 
856 4 |u http://www.lib.tpu.ru/fulltext/v/Bulletin_TPU/2003/v306/i6/32.pdf 
942 |c CF